| 000 | 00525nam a2200181Ia 4500 | ||
|---|---|---|---|
| 008 | 090124s9999 xx 000 0 und d | ||
| 082 | _b16791 | ||
| 100 | _aकवीश्वर छबुताई | ||
| 245 | _a ओवाळणी | ||
| 250 | _a1 | ||
| 260 |
_bसुरस प्रकाशन _c1983 |
||
| 300 | _a183 | ||
| 600 | _aकवीश्वर छबुताई | ||
| 630 | _a ओवाळणी | ||
| 700 | _aकवीश्वर छबुताई | ||
| 730 | _a ओवाळणी | ||
| 942 | _cBOOK | ||
| 999 |
_c88895 _d88895 |
||